000 00657nam a22002177a 4500
003 UA-OsUOA
001 34579
007 ta
008 20051013b un ||||| |||| 00| 0 ukr d
090 _a94(477.8+438)
_bЄ34
942 _cBK
040 _aUA-OsUOA
_bukr
_cUA-OsUOA
_dUA-OsUOA
245 _aЄдність трудящих Західної України і Польщі у революційній боротьбі
300 _a230 с.
955 _a2
041 _aukr
080 _a94(477.8+438)
260 _aЛьвів
_bВища школа
_c1979
650 7 _a9 Географія. Біографії. Історія
_2UDC
999 _c321007
_d321007